How to make $100,000+ your first year as a real estate agent

Bibliographic Details
Main Author: Davis, Darryl
Format: Book
Published: New York : McGraw-Hill , 2007
Subjects:

MARC

LEADER 00000cam a2200000 7i4500
001 0000020883
005 20071204.0
020 |a 9780071437592 
040 |a INS 
090 0 0 |a HD1375   |b D38 2007 
100 1 |a Davis, Darryl 
245 1 0 |a How to make $100,000+ your first year as a real estate agent   |c Darryl Davis 
260 |a New York :   |b McGraw-Hill ,   |c 2007 
300 |a vii, 183p. :   |b z ;   |c 23cm. 
500 |a Includes index 
650 0 0 |a Real estate agents 
650 0 0 |a Real estate business 
999 |a 0000019427   |b BOOK   |c Open Shelf   |e Default branch